00514nam a2200181 a 4500001001300000003000900013005001700022008004100039020002300080082001400103100002400117245007300141260003200214500003500246505001400281650001300295700002400308nice12345678IN_TiNIC20260116014958.0100921s1976 bosa grp 000 0 eng  a0807011223 c10000a230bADA1 aAdams, James Luther aOn Being Human Religiouslyb Selected Essays in Religion and Society aBostonbBeacon Press c1976 aincludes index and biblioraphy2 aIndex257p aTheology1 aAdams, James Luther